00770pam a2200229 a 4500001000800000005001700008008004100025010001700066020002200083040001800105041000800123080001900131082002300150100000700173101000800180245011900188504004100307906004500348942001200393999001700405952011800422387061820180208075016.0890421s1989 ne a b 001 0 eng  a 89008210  a0792302842 (U.S.) aDLCcDLCdDLC aeng a330.015195 arb00a330.015195 arb2201 a52 aeco10aSpatial data configuration in statistical analysis of regional economic and related problems /cby Giuseppe Arbia. aIncludes bibliographical references. a7bcbccorignewd1eocipf19gy-gencatlg 2ddccBK c42147d42147 00102ddc40708PËKGa002b002cPËKGd2018-02-08l0o330.015195 arbp002-2998648r2018-02-08w2018-02-08yBK